La niña blanca y los pájaros sin pies /
Guardado en:
| Autor principal: | |
|---|---|
| Formato: | Libro |
| Lenguaje: | Spanish |
| Publicado: |
Managua, Nicaragua:
Editorial Nueva Nicaragua,
1992.
|
| Materias: | |
| Etiquetas: |
Agregar Etiqueta
Sin Etiquetas, Sea el primero en etiquetar este registro!
|
MARC
| LEADER | 00000nam a22000007a 4500 | ||
|---|---|---|---|
| 008 | 140127s1992 ni |||| |||| 000 f spa d | ||
| 040 | |a cru CIICLA Universidad de Costa Rica | ||
| 100 | 1 | |9 74 |a Aguilar, Rosario |d 1938- | |
| 245 | 1 | 3 | |a La niña blanca y los pájaros sin pies / |c Rosario Aguilar |
| 260 | |a Managua, Nicaragua: |b Editorial Nueva Nicaragua, |c 1992. | ||
| 300 | |a 184 páginas | ||
| 500 | |a Número de inscripción 05532 Fotocopia | ||
| 505 | |t Doña Isabel | ||
| 505 | |t Intermedio | ||
| 505 | |t Doña Luisa | ||
| 505 | |t Doña Beatriz | ||
| 505 | |t Doña Leonor | ||
| 505 | |t Doña Ana | ||
| 505 | |t Doña María | ||
| 650 | 1 | 4 | |9 54 |a LITERATURA NICARAGUENSE |v NOVELA |
| 942 | |2 ddc |c BK | ||
| 999 | |c 3157 |d 3157 | ||
